All India directory of business management and hotel management / (Record no. 135447)
[ view plain ]
| 000 -LEADER | |
|---|---|
| fixed length control field | 00682nam a22002177a 4500 |
| 005 - DATE AND TIME OF LATEST TRANSACTION | |
| control field | 20170124110245.0 |
| 010 ## - LIBRARY OF CONGRESS CONTROL NUMBER | |
| LC control number | A-948057 |
| 020 ## - INTERNATIONAL STANDARD BOOK NUMBER | |
| Terms of availability | 40.00 |
| International Standard Book Number | 8186114629 |
| 035 ## - SYSTEM CONTROL NUMBER | |
| System control number | A-948057 |
| 037 ## - SOURCE OF ACQUISITION | |
| Source of stock number/acquisition | Cen Lib/Ret |
| 040 ## - CATALOGING SOURCE | |
| Original cataloging agency | DPL |
| Language of cataloging | EN |
| 082 ## - DEWEY DECIMAL CLASSIFICATION NUMBER | |
| Classification number | 371.425 |
| Item number | ALL |
| 245 ## - TITLE STATEMENT | |
| Title | All India directory of business management and hotel management / |
| Remainder of title | for 10+2 / |
| 246 ## - VARYING FORM OF TITLE | |
| Remainder of title | |
| 260 ## - PUBLICATION, DISTRIBUTION, ETC. (IMPRINT) | |
| Place of publication, distribution, etc | Delhi |
| Name of publisher, distributor, etc | Student Aid Publications |
| Date of publication, distribution, etc | 1999 |
| 270 ## - ADDRESS | |
| City | Delhi |
| Address | B-76, Ashok vihar, phase-iv |
| Postal code | 110052 |
| 300 ## - PHYSICAL DESCRIPTION | |
| Extent | 160p. |
| Dimensions | 21cm(Hb) |
| 650 ## - SUBJECT ADDED ENTRY--TOPICAL TERM | |
| Topical term or geographic name as entry element | Business management -- Directory |
| 9 (RLIN) | 97094 |
| 650 ## - SUBJECT ADDED ENTRY--TOPICAL TERM | |
| Topical term or geographic name as entry element | Hotel management -- Directory |
| 9 (RLIN) | 97095 |
| 942 ## - ADDED ENTRY ELEMENTS (KOHA) | |
| Source of classification or shelving scheme | Dewey Decimal Classification |
| Koha item type | English Books |
| Classification part | 371.425 |
| Call number suffix | ALL |
| Withdrawn status | Lost status | Damaged status | Not for loan | Home library | Current library | Date acquired | Source of acquisition | Cost, normal purchase price | Total Checkouts | Full call number | Barcode | Date last seen | Copy number | Cost, replacement price | Price effective from | Koha item type | Public note | Source of classification or shelving scheme | Collection code |
|---|---|---|---|---|---|---|---|---|---|---|---|---|---|---|---|---|---|---|---|
| Written off | Central Library | Central Library | 06/10/2015 | Cen Lib/Ret | 40.00 | 371.425 ALL | A-948057 | 06/10/2015 | 1 | 40.00 | 06/10/2015 | English Books | Written off on approval by DLB (By Circulation); dtd 15-06-2023 | ||||||
| Sarojini Nagar | Sarojini Nagar | 13/10/2018 | 371.425 ALL | A-948083 | 13/10/2018 | 13/10/2018 | English Books | Dewey Decimal Classification | Non-fiction |
